000 00951nam a2200265 i 4500
001 000030732
003 DO-SdBNP
005 20230424131707.0
007 ta
008 110526s1981 dr bd 000 0 spa d
040 _aDO-SdBNP
_bspa
_cBNPHU
_erda
049 _aBNPD
082 4 _bF546p
_222
100 1 _aFito Maupoei, Pedro
_957310
245 1 0 _aPosiblidades de aprovechamiento industrial de los subproductos de la elaboración de arroz de la República Dominicana /
_cPedro Fito Maupoei, José Carles Genoves.
264 _aSanto Domingo :
_bInstituto Dominicano de Tecnología Industrial
_bUniversidad Politécnica de Valencia,
_c1981.
300 _a100 páginas :
_bmapas, diágramas ;
_c22 cm.
336 _2rdacontent
_atexto
_btxt
337 _2rdamedia
_asin mediación
_bn
338 _2rdacarrier
_avolumen
_bnc
590 _aInventariado, 2023/BT
700 1 _aCarles Genoves, José
_957311
910 _aBtavárez
942 _2ddc
_cLBS1
999 _c30224
_d30224